000 00485nam a2200181Ia 4500
001 5130
005 20260306145845.0
008 260306t2019||||xx |||||||||||||| ||spa||
041 _aESP
082 _a332.742
_bS53
100 _aSifuentes Briceño, Mario
_eAUT
245 0 _aDueños de su destino:
_bel grupo ACP y la historia de las microfinanzas en el Perú
260 _c2019
300 _a193 páginas :
_c23 cm.
650 _aGEN
654 _aCAN
942 _cLIB
_dJUS
_fJUS
_2ddc
_n
999 _c5130
_d5130